000 00369nam a22001577a 4500
003 MPLRDC
005 20220104144412.0
008 210129b ||||| |||| 00| 0 eng d
082 _a848.1 LX-72
100 _a鲁迅著
245 _a鲁迅自选全集
_c
260 _a
_b远东图书公司
_c
300 _b
650 _a现代别集
942 _cBK
_o848.1 LX-72
999 _c49259
_d49249